Fr. Conceicao Rodrigues College of Engineering

Perfomance & Design Of Alternating Current Machines (Record no. 24057)

MARC details
000 -LEADER
fixed length control field 00324nam a2200145Ia 4500
082 ## - DEWEY DECIMAL CLASSIFICATION NUMBER
Classification number 621.3
Item number SAY
100 ## - MAIN ENTRY--PERSONAL NAME
Personal name Say/M.G
245 ## - TITLE STATEMENT
Title Perfomance & Design Of Alternating Current Machines
260 ## - PUBLICATION, DISTRIBUTION, ETC.
Name of publisher, distributor, etc. English Language
Place of publication, distribution, etc. London
Date of publication, distribution, etc. 1970
300 ## - PHYSICAL DESCRIPTION
Extent 664
490 ## - SERIES STATEMENT
Volume/sequential designation III
546 ## - LANGUAGE NOTE
Language note ENGLISH
942 ## - ADDED ENTRY ELEMENTS (KOHA)
Koha item type BOOK
Holdings
Withdrawn status Lost status Damaged status Not for loan Collection Home library Current library Date acquired Total Checkouts Full call number Barcode Date last seen Price effective from Koha item type
        AFT Fr. Agnel's C.Rodrigues College of Engineering Fr. Agnel's C.Rodrigues College of Engineering 17/03/2023   621.3 SAY AFT1266 17/03/2023 17/03/2023 BOOK